Human rights education and distance education : useful for B.ed, M.ed and KSOU B.ed students as per new syllabus (Record no. 210880)
[ view plain ]
| 000 -LEADER | |
|---|---|
| fixed length control field | 00518nam a2200157Ia 4500 |
| 008 - FIXED-LENGTH DATA ELEMENTS--GENERAL INFORMATION | |
| fixed length control field | 231221s9999 xx 000 0 und d |
| 041 ## - LANGUAGE CODE | |
| Language code of text/sound track or separate title | English |
| 082 ## - DEWEY DECIMAL CLASSIFICATION NUMBER | |
| Classification number | 372.832 GUD;1 R |
| 100 ## - MAIN ENTRY--PERSONAL NAME | |
| Personal name | Guddadanveri, Prabha. |
| 245 #0 - TITLE STATEMENT | |
| Title | Human rights education and distance education : useful for B.ed, M.ed and KSOU B.ed students as per new syllabus |
| 250 ## - EDITION STATEMENT | |
| Edition statement | 1st ed. |
| 260 ## - PUBLICATION, DISTRIBUTION, ETC. | |
| Date of publication, distribution, etc. | 2009 |
| Name of publisher, distributor, etc. | Vidyanidhi |
| Place of publication, distribution, etc. | Gadag |
| 300 ## - PHYSICAL DESCRIPTION | |
| Extent | 250 |
| 650 ## - SUBJECT ADDED ENTRY--TOPICAL TERM | |
| Topical term or geographic name entry element | rights,education,distance,education,useful,B.ed,,M.ed,KSOU,B.ed |
| 942 ## - ADDED ENTRY ELEMENTS (KOHA) | |
| Koha item type | Education Library |
| Date last seen | Total checkouts | Full call number | Accession number | Cost, total (INR) price | Price effective from | Category | Lost status | Damaged status | Department | Withdrawn status | Home library | Current library | Shelving location | Entry date | Vendor | Cost, normal purchase price | Grants | Billnumber | Billdate | Currency symbol | Conversion rate | Discount | Old discount |
|---|---|---|---|---|---|---|---|---|---|---|---|---|---|---|---|---|---|---|---|---|---|---|---|
| 26/01/2024 | 372.832 GUD;1 R | ED2532 | 100.00 | 26/01/2024 | Education Library | Central Library | Central Library | Central Library | Central Library | Nalwad | 125.00 | EDU | 3342-3344 | 05/05/2014 | RS | 1 | 25 | 20 | |||||
| 26/01/2024 | 372.832 GUD;2 R1 | ED2533 | 100.00 | 26/01/2024 | Education Library | Central Library | Central Library | Central Library | Central Library | Nalwad | 125.00 | EDU | 3342-3344 | 05/05/2014 | RS | 1 | 25 | 20 |
